| 000 | 01359nam a22003497a 4500 | ||
|---|---|---|---|
| 003 | CHAP | ||
| 005 | 20220817044301.0 | ||
| 008 | 090814s2009 mx r 00010 spa d | ||
| 010 | _a96572 | ||
| 011 | _a97544 | ||
| 035 | _a108212 | ||
| 040 | _cCHAP | ||
| 090 | _aTesis | ||
| 100 | 0 | 0 |
_aCruz Delgado, Daniela. _929359 |
| 245 | 1 | 3 |
_aLa evolución del patrón de cultivos en México en el marco del Tratado de Libre Comercio de América del Norte (TLCAN) _c/por Daniela Cruz Delgado |
| 260 |
_aChapingo, Méx. : _bEl autor, _c2009 |
||
| 300 |
_axii, 99 h. : _bcuadros, gráfs. |
||
| 502 | _aTesis (M.C. en Economía Agrícola y de los Recursos Naturales) -- UACH. División de Ciencias Económico- Administrativas | ||
| 590 |
_aALEPH _b10 _c20130110 _lUCH01 _h1529 |
||
| 590 |
_aBATCH-UPD _b10 _c20130110 _lUCH01 _h1645 |
||
| 590 |
_aBATCH-UPD _b10 _c20130410 _lUCH01 _h1035 |
||
| 590 |
_aBATCH-UPD _b10 _c20130914 _lUCH01 _h1106 |
||
| 590 |
_aCONVERSION _b10 _c20130109 _lUCH01 _h1353 |
||
| 650 | 1 | 4 |
_aCultivos, zonas de _xMéxico. _930399 |
| 650 | 1 | 4 |
_aCultivos _xRendimiento. _930318 |
| 650 | 1 | 4 | _aTratado Trilateral de Libre Comercio. |
| 901 | _aBK | ||
| 911 | _aen proceso | ||
| 942 | _cFOLL | ||
| 949 |
_aTesis _bBC _cTES _d33724002107355 _eTS1 _gdonaciØn _h49426 _i108212 _sb |
||
| 949 |
_atesis _bBC _cTES _d33724002107397 _eTS2 _fc.2 _gDonaciØn _h49427 _i108212 _sb |
||
| 999 |
_c96572 _d96572 |
||